NBA All-Star Game MVPs - Statistics

General Stats
  • This quiz has been taken 116 times
    64 since last reset
  • The average score is 55 of 77
Answer Stats
Year Team Player % Correct
2014 Cleveland Cavaliers Kyrie Irving
100%
2021 Milwaukee Bucks Giannis Antetokounmpo
98%
2019 Golden State Warriors Kevin Durant
98%
2012 Oklahoma City Thunder Kevin Durant
98%
2011 Los Angeles Lakers Kobe Bryant
98%
2009 Los Angeles Lakers Kobe Bryant
98%
2007 Los Angeles Lakers Kobe Bryant
98%
2002 Los Angeles Lakers Kobe Bryant
98%
2018 Cleveland Cavaliers LeBron James
98%
2008 Cleveland Cavaliers LeBron James
98%
2006 Cleveland Cavaliers LeBron James
98%
1998 Chicago Bulls Michael Jordan
98%
1996 Chicago Bulls Michael Jordan
98%
1988 Chicago Bulls Michael Jordan
98%
2009 Phoenix Suns Shaquille O'Neal
98%
2004 Los Angeles Lakers Shaquille O'Neal
98%
2000 Los Angeles Lakers Shaquille O'Neal
98%
2025 Golden State Warriors Stephen Curry
98%
2022 Golden State Warriors Stephen Curry
98%
1972 Los Angeles Lakers Jerry West
96%
2010 Miami Heat Dwayne Wade
94%
2023 Boston Celtics Jayson Tatum
94%
2003 Minnesota Timberwolves Kevin Garnett
94%
2016 Oklahoma City Thunder Russell Westbrook
94%
2015 Oklahoma City Thunder Russell Westbrook
94%
1994 Chicago Bulls Scottie Pippen
94%
2000 San Antonio Spurs Tim Duncan
94%
2017 New Orleans Pelicans Anthony Davis
92%
2024 Milwaukee Bucks Damian Lillard
92%
1993 Utah Jazz Karl Malone
92%
1989 Utah Jazz Karl Malone
92%
2020 Los Angeles Clippers Kawhi Leonard
92%
1992 Los Angeles Lakers Magic Johnson
92%
1990 Los Angeles Lakers Magic Johnson
92%
1983 Philadelphia 76ers Julius Erving
90%
1977 Philadelphia 76ers Julius Erving
90%
2005 Philadelphia 76ers Allen Iverson
88%
2001 Philadelphia 76ers Allen Iverson
88%
2013 Los Angeles Clippers Chris Paul
88%
1993 Utah Jazz John Stockton
84%
1982 Boston Celtics Larry Bird
82%
1960 Philadelphia Warriors Wilt Chamberlain
82%
1986 Detroit Pistons Isiah Thomas
78%
1984 Detroit Pistons Isiah Thomas
78%
1963 Boston Celtics Bill Russell
76%
1991 Philadelphia 76ers Charles Barkley
69%
1957 Boston Celtics Bob Cousy
65%
1954 Boston Celtics Bob Cousy
65%
1962 St. Louis Hawks Bob Pettit
65%
1958 St. Louis Hawks Bob Pettit
65%
1956 St. Louis Hawks Bob Pettit
65%
1980 San Antonio Spurs George Gervin
63%
1969 Cincinnati Royals Oscar Robertson
63%
1964 Cincinnati Royals Oscar Robertson
63%
1961 Cincinnati Royals Oscar Robertson
63%
1970 New York Knicks Willis Reed
55%
1979 Denver Nuggets David Thompson
53%
1953 Minneapolis Lakers George Mikan
53%
1975 New York Knicks Walter Frazier
47%
1997 Charlotte Hornets Glen Rice
43%
1973 Boston Celtics David Cowens
41%
1959 Minneapolis Lakers Elgin Baylor
35%
1968 Philadelphia 76ers Harold Greer
35%
1985 Houston Rockets Ralph Sampson
35%
1967 San Francisco Warriors Rick Barry
33%
1995 Sacramento Kings Mitch Richmond
27%
1974 Detroit Pistons Bob Lanier
22%
1981 Boston Celtics Nathaniel Archibald
22%
1966 Cincinnati Royals Adrian Smith
20%
1978 Buffalo Braves Edward Smith
20%
1952 Philadelphia Warriors Paul Arizin
20%
1955 Boston Celtics Bill Sharman
18%
1965 Cincinnati Royals Jerry Lucas
16%
1987 Seattle SuperSonics Tom Chambers
16%
1951 Boston Celtics Charles Macauley
12%
1971 Seattle SuperSonics Lenny Wilkens
12%
1976 Washington Bullets Dave Bing
10%
No matching quizzes found
Score Distribution
Percent of People with Each Score
Percentile by Number Answered
Your Score History
You have not taken this quiz since the last reset